MARC details
| 000 -LÍDER |
| campo de controle de tamanho fixo |
01351nam a22003254a 4500 |
| 001 - NÚMERO DE CONTROLE |
| campo de controle |
527 |
| 003 - IDENTIFICADOR DO NÚMERO DE CONTROLE |
| campo de controle |
BR-RjBN |
| 005 - DATA E HORÁRIO DA ÚLTIMA TRANSAÇÃO |
| campo de controle |
20260528132239.0 |
| 008 - CAMPO DE DADOS FIXOS--INFORMAÇÃO GERAL |
| campo de controle de tamanho fixo |
100101s2010 sp j 000 f por d |
| 020 ## - ISBN - INTERNATIONAL STANDARD BOOK NUMBER |
| ISBN - International Standard Book Number |
9788585466848 |
| 040 ## - FONTE DA CATALOGAÇÃO |
| Idioma da catalogação |
por |
| 041 1# - CÓDIGO DE IDIOMA |
| Código do idioma do texto/trilha sonora ou título diferente |
por |
| Código do idioma do original e/ou traduções intermediárias do texto |
eng |
| 082 ## - CDD - CLASSIFICAÇÃO DECIMAL DE DEWEY |
| Número de Classificação |
028.5 |
| Número do exemplar |
F263d |
| 100 1# - ENTRADA PRINCIPAL--NOME PESSOAL |
| Nome pessoal |
Faulkner, Keith. |
| 240 10 - TÍTULO UNIFORME |
| Título uniforme |
Dracula : a spooky lift-the-flap book. |
| 245 10 - TÍTULO |
| Título |
Drácula : |
| Restante do título |
um livro abre e fecha / |
| Indicação de responsabilidade, etc. |
Keith Faulkner ; ilustrações de Jonathan Lambert ; tradução de José Amaro. |
| 260 ## - PUBLICAÇÃO, DISTRIBUIÇÃO, ETC. |
| Local de publicação, distribuição, etc. |
São Paulo : |
| Nome do editor, distribuidor, etc. |
Companhia das Letrinhas, |
| Data da publicação, distribuição, etc. |
2010. |
| 300 ## - DESCRIÇÃO FÍSICA |
| Extensão |
-- p. : |
| Outros detalhes físicos |
il. color. ; |
| 500 ## - NOTA GERAL |
| Nota geral |
2ª reimpressão. |
| 520 ## - NOTA DE RESUMO, ETC. |
| Resumo, etc. |
Livro infantojuvenil interativo inspirado no clássico personagem Drácula. Por meio de abas móveis e ilustrações coloridas, a obra apresenta uma narrativa divertida e envolvente que estimula a imaginação e a participação do leitor. Com linguagem acessível, mistura suspense leve e humor em uma experiência lúdica voltada ao público infantil. |
| 650 #0 - ASSUNTO--TERMO TÓPICO |
| Cabeçalho tópico ou nome geográfico |
Literatura infantojuvenil. |
| 9 (RLIN) |
1056 |
| 650 #0 - ASSUNTO--TERMO TÓPICO |
| Cabeçalho tópico ou nome geográfico |
Livros interativos. |
| 650 #0 - ASSUNTO--TERMO TÓPICO |
| Cabeçalho tópico ou nome geográfico |
Vampiros. |
| 9 (RLIN) |
972 |
| 650 #0 - ASSUNTO--TERMO TÓPICO |
| Cabeçalho tópico ou nome geográfico |
Suspense infantil. |
| 655 #0 - TERMO DE ÍNDICE--GÊNERO E FORMA |
| Gênero/forma/ou termo foco |
Literatura infantil. |
| 655 #0 - TERMO DE ÍNDICE--GÊNERO E FORMA |
| Gênero/forma/ou termo foco |
Ficção. |
| 700 1# - ENTRADA ADICIONADA - NOME PESSOAL |
| Nome pessoal |
Lambert, Jonathan, |
| Função do autor por extenso |
il. |
| 700 1# - ENTRADA ADICIONADA - NOME PESSOAL |
| Nome pessoal |
Amaro, José, |
| Função do autor por extenso |
trad. |
| 942 ## - ELEMENTOS DE ENTRADA ADICIONADOS (KOHA) |
| Fonte de classificação ou esquema de arquivamento |
Classificação decimal de Dewey |
| Ocultar no OPAC |
Não |
| Tipo de material Koha |
Livros |